The road to organic growth : (Record no. 4006)

MARC details
000 -LEADER
fixed length control field 00610 a2200181 4500
010 ## - LCCN (DPL NO)
LC control number ENG-86033
020 ## - INTERNATIONAL STANDARD BOOK NUMBER
International Standard Book Number 0070659362
Terms of availability 350.00
035 ## - SYSTEM CONTROL NUMBER
System control number EN-69566
037 ## - SOURCE OF ACQUISITION
Source of stock number/acquisition D.B.Act / Pub
082 14 - DEWEY DECIMAL CLASSIFICATION NUMBER
Classification number 658.406
100 1# - MAIN ENTRY--PERSONAL NAME
Personal name Hess, Edward D.
245 1# - TITLE STATEMENT
Title The road to organic growth :
Remainder of title how great companies consistently grow marketshare from within /
Statement of responsibility, etc by Edward D. Hess
260 ## - PUBLICATION, DISTRIBUTION, ETC. (IMPRINT)
Place of publication, distribution, etc New Delhi
Name of publisher, distributor, etc Tata Mc-Graw Hill Publishing
Date of publication, distribution, etc 2007
270 ## - ADDRESS
Address 7, West Patel Nagar
City New Delhi
Postal code 110 008
300 ## - PHYSICAL DESCRIPTION
Extent xiv, 209 p.
Dimensions 23 cm. (Hb.)
500 ## - GENERAL NOTE
General note Includes index.
942 ## - ADDED ENTRY ELEMENTS (KOHA)
Institution code [OBSOLETE] dpl
Item type English Books
Source of classification or shelving scheme Dewey Decimal Classification
Classification part 658.406
Call number suffix HES
Holdings
Withdrawn status Lost status Not for loan Collection code Home library Current library Date acquired Source of acquisition Cost, normal purchase price Full call number Barcode Copy number Cost, replacement price Koha item type
    Not For Loan Non-fiction D.B.Act.Division D.B.Act.Division   DBAD/PUB 350.00 658.406 HES EN-69566 1 350.00 English Books

© Delhi Public Library
Hit Counter
free hit counter